Biggest Cities in Austria-Hungary (with map) - Statistics

General Stats
  • This quiz has been taken 540 times
  • The average score is 12 of 17
Answers on the Map
Answers color-coded by a green-red scale on the quiz's map according to % correct below.
 
Answer Stats
Pop Cities % Correct
2.03 m Vienna
100%
1.23 m Budapest
98%
668 k Prague
97%
79.0 k Zagreb
94%
125 k Brno
80%
151 k Cracow
80%
229 k Trieste
80%
78.2 k Bratislava
79%
151 k Graz
76%
206 k Lemberg
75%
67.8 k Linz
68%
92.7 k Debrecen
61%
80.3 k Pilsen
59%
118 k Szeged
49%
72.5 k Temesvár
46%
94.6 k Subotica
30%
87.1 k Czernowitz
27%
No matching quizzes found
Score Distribution
Percent of People with Each Score
Percentile by Number Answered
Your Score History
You have not taken this quiz